000 00413nam a2200169Ia 4500
003 OSt
005 20240311111903.0
008 170619s9999 xx 000 0 und d
020 _a9788126513345
040 _cIIMT ENGINEERING COLLEGE
100 _aCohen- Daniel I A
245 0 _aIntroduction to Computer Theory
260 _bNew York : john Wiely
260 _c2004
546 _aENGLISH
942 _2ddc
_c02
999 _c16764
_d16764